000 00824nam a2200253Ia 4500
003 GCL
008 140319s9999 xx 000 0 ara d
040 _aGCL /
_cGCL
082 0 4 _a327.11
_bا ع
100 1 _aاوستروفسكى , فيكتور
245 1 0 _aعن طريق الخداع: صورة مروعة للموساد من الداخل /
_cاوستروفسكى , فيكتور
700 1 _aهوى، كلير
700 1 _aهشام عبدالله
700 1 _aماهر الكيالى
700 1 _aجورج ضورى
260 _a[S.N] :
_bالمؤسسة العربية للدراسات والنشر ،
_c1990
300 _a311 ص
490 _a
650 0 4 _aالمخابرات
650 0 4 _aاسرائيل
650 0 4 _aالتخريب والتدمير
650 0 4 _aالموساد
942 _2ddc
_cBK
999 _c28713
_d28713